| 000 | 01136cam a2200313 i 4500 | ||
|---|---|---|---|
| 001 | 65258 | ||
| 003 | Mx-PuUPA | ||
| 005 | 20210921141427.0 | ||
| 008 | 970410s2006 mx grg 000 spa d | ||
| 020 | _a9700765067 | ||
| 040 |
_aMx-PuUPA _dMx-PuUPA _cMx-PuUPA _bspa _erda |
||
| 041 | 0 | _aspa | |
| 245 | 0 | 0 |
_aTendencias actuales del derecho público en Iberoamérica / _cMiguel Alejandro López Olvera, Luis Gerardo Rodríguez Lozano, coordinadores |
| 250 | _aPrimera edición | ||
| 264 | 1 |
_aMéxico, D.F. : _bEditorial Porrúa, _c2006 |
|
| 300 |
_aix, 195 páginas ; _c23 cm |
||
| 336 |
_2rdacontent _atexto _btxt |
||
| 337 |
_2rdamedia _asin medio _bn |
||
| 338 |
_2rdacarrier _avolumen _bnc |
||
| 650 | 4 |
_aDerecho público _zAmérica Latina |
|
| 650 | 4 |
_aDerecho público _zEspaña |
|
| 650 | 4 |
_aDerecho público _zAmérica Latina |
|
| 650 | 4 |
_aDerecho administrativo _zAmérica Latina |
|
| 700 | 1 |
_aLópez Olvera, Miguel Alejandro, _ecoordinador _91274 |
|
| 700 | 1 |
_aRodríguez Lozano, Luis Gerardo, _ecoordinador |
|
| 942 |
_2ddc _cLI _h342.80261 _iT285 |
||
| 999 |
_c65258 _d65258 |
||